Le Petit Prince (Record no. 45232)

MARC details
000 -Etiqueta do registo
Valores 00609cam a2200217 04500
021 ## - Número do Depósito Legal
Número 11129/86
100 ## - Dados gerais de processamento
Dados gerais 19870217d1987 cdey0pory5003 ba
101 1# - Língua de publicação
Língua fra
102 ## - País de publicação
País ING
200 1# - Titulo e menção de responsabilidade
Título próprio Le Petit Prince
Primeira menção de responsabilidade Antoine de Saint-Exupéry
210 #9 - Publicação
Local de publicação London
Nome do editor Heinemann Educational Books
Data de publicação [cop. 1958]
215 ## - Descrição física 
Paginação / Volumes 105 p.
Outras indicações físicas il.
675 ## - CDU
Notação 821.133.1-93"19"
Edição BN
Língua por
675 ## - CDU
Notação 087.5
Edição BN
Língua por
675 ## - CDU
Notação 821.133.1-34"19"
Edição BN
Língua por
700 #1 - Autor principal
Apelido Saint-Exupéry,
Nome Antoine de,
Datas 1900-1944
702 #1 - Autor secundário
Apelido Varela,
Nome Joana Morais,
Datas 1952-
Função 730
801 #0 - Fonte de origem
País PT
Agência BN
Regras de catalogação RPC
990 ## - Elementos KOHA
Tipo de documento Livro
Holdings
Aquisição Empréstimo Código de barras Cota Permissão de empréstimo Tipo de documento Nota relativa ao exemplar
Biblioteca Municipal de Redondo Biblioteca Municipal de Redondo 055930 82-93 SAI   Livro Obra em Francês. Oferta de Carolina Bom de Sousa

Powered by Koha